000 00724nam a2200289Ia 4500
005 20260324121412.0
008 008 260324s9999 xx 000 0 eng d
020 _a9781315728889
037 _aEBOOK
040 _aCRL
040 _beng
040 _cCRL
041 _2eng
041 _aeng
084 _qCRL
100 _aThomas L. Thompson; Philippe Wajdenbaum
_91162376
245 4 _aThe Bible and Hellenism
245 0 _bGreek Influence on Jewish and Early Christian Literature
260 _bTaylor and Francis
260 _c2014
365 _a
365 _b255
856 _uhttp://www.taylorfrancis.com/books/9781315728889
942 _cEBOOK
999 _c1754453
_d1754453